000 00704nam a2200193 i 4500
001 78132
003 ES-MaACL
005 20230906173544.0
007 t|
008 041011s1955 fr ||||1| fre d
100 1 _aHanon de Louvet, Charles.
_961742
245 1 0 _aNouveau traite d'analyse et discussion de bilans /
_cpar Charles Hanon de Louvet.
260 _aAmiens :
_bScientifiques et Litteraires,
_c1955 (
_eBruxelles :
_fUnion des Imprimeries a Frameries)
300 _a693 p. ;
_c25 cm.
490 1 _aBibliothèque générale des sciences économiques
830 0 _aBibliothèque générale des sciences économiques
_9182647
852 _aES-MaACL
_jC-17400
_bR.45674
999 _c78132
_d78132